[Event "Blitz 2018"]
[Site "Saint-Petersburg"]
[Date "2018.12.30"]
[Round "20"]
[Board "72"]
[White "Shaposhnikov Evgeny (RUS)"]
[Black "Gaifullin Artur (RUS)"]
[Result "1-0"]
[LiveChessVersion "1.4.8"]
[BlackElo "2231"]
[WhiteElo "2603"]

1. Nf3 {[%clk 0:03:03]} Nf6 {[%clk 0:03:03]} 2. c4 {[%clk 0:03:04]} e6
{[%clk 0:03:05]} 3. d4 {[%clk 0:03:04]} d5 {[%clk 0:03:06]} 4. Nc3
{[%clk 0:03:04]} Bb4 {[%clk 0:03:07]} 5. e3 {[%clk 0:03:02]} O-O {[%clk 0:03:06]}
6. Bd2 {[%clk 0:03:03]} b6 {[%clk 0:03:06]} 7. Rc1 {[%clk 0:02:56]} Bb7
{[%clk 0:03:06]} 8. cxd5 {[%clk 0:02:50]} Nxd5 {[%clk 0:02:44]} 9. Bd3
{[%clk 0:02:48]} c5 {[%clk 0:02:26]} 10. a3 {[%clk 0:02:38]} cxd4
{[%clk 0:02:23]} 11. exd4 {[%clk 0:02:02]} Nxc3 {[%clk 0:02:17]} 12. bxc3
{[%clk 0:02:03]} Be7 {[%clk 0:02:07]} 13. O-O {[%clk 0:01:55]} h6
{[%clk 0:02:08]} 14. Ne5 {[%clk 0:01:48]} Nd7 {[%clk 0:02:05]} 15. Ng4
{[%clk 0:01:35]} Nf6 {[%clk 0:01:51]} 16. a4 {[%clk 0:01:14]} Qd5
{[%clk 0:01:44]} 17. Ne3 {[%clk 0:01:14]} Qd7 {[%clk 0:01:43]} 18. Bb5
{[%clk 0:01:07]} Qc7 {[%clk 0:01:41]} 19. f3 {[%clk 0:01:01]} Bd6
{[%clk 0:01:41]} 20. g3 {[%clk 0:00:57]} Nd5 {[%clk 0:01:33]} 21. Nxd5
{[%clk 0:00:55]} Bxd5 {[%clk 0:01:34]} 22. c4 {[%clk 0:00:56]} Bb7
{[%clk 0:01:35]} 23. c5 {[%clk 0:00:45]} bxc5 {[%clk 0:01:34]} 24. Be3
{[%clk 0:00:42]} Bxg3 {[%clk 0:01:10]} 25. Rxc5 {[%clk 0:00:34]} Bxh2+
{[%clk 0:01:10]} 26. Kh1 {[%clk 0:00:35]} Qb8 {[%clk 0:01:10]} 27. Qd2
{[%clk 0:00:32]} Bd6 {[%clk 0:01:08]} 28. Rh5 {[%clk 0:00:29]} Be7
{[%clk 0:00:30]} 29. Bf4 {[%clk 0:00:28]} Qd8 {[%clk 0:00:31]} 30. Bxh6
{[%clk 0:00:26]} Bf6 {[%clk 0:00:31]} 31. Be3 {[%clk 0:00:21]} g6
{[%clk 0:00:32]} 32. Qg2 {[%clk 0:00:21]} Bg7 {[%clk 0:00:32]} 33. Rg5
{[%clk 0:00:21]} Qf6 {[%clk 0:00:32]} 34. Bd3 {[%clk 0:00:21]} Rad8
{[%clk 0:00:20]} 35. Be4 {[%clk 0:00:21]} Bxe4 {[%clk 0:00:20]} 36. fxe4
{[%clk 0:00:22]} Qe7 {[%clk 0:00:21]} 37. e5 {[%clk 0:00:23]} Qd7
{[%clk 0:00:21]} 38. Qh3 {[%clk 0:00:21]} Qxa4 {[%clk 0:00:20]} 39. Rf2
{[%clk 0:00:20]} Qd1+ {[%clk 0:00:20]} 40. Rg1 {[%clk 0:00:20]} Qb3
{[%clk 0:00:17]} 41. Rh2 {[%clk 0:00:19]} Rfe8 {[%clk 0:00:17]} 42. Qh7+
{[%clk 0:00:19]} Kf8 {[%clk 0:00:18]} 43. Bg5 {[%clk 0:00:19]} Qd5+
{[%clk 0:00:15]} 44. Rgg2 {[%clk 0:00:18]} f5 {[%clk 0:00:11]} 45. exf6
{[%clk 0:00:15]} Rd7 {[%clk 0:00:12]} 46. fxg7+ {[%clk 0:00:12]} Rxg7
{[%clk 0:00:12]} 47. Bh6 Ree7 48. Qh8+ {[%clk 0:00:13]} Kf7 {[%clk 0:00:15]} 49.
Qxg7+ {[%clk 0:00:14]} Ke8 {[%clk 0:00:16]} 50. Qxg6+ Kd7 51. Bg5
{[%clk 0:00:15]} Re8 {[%clk 0:00:19]} 52. Qf7+ {[%clk 0:00:15]} 1-0

[Event "Blitz 2018"]
[Site "Saint-Petersburg"]
[Date "2018.12.30"]
[Round "20"]
[Board "73"]
[White "Baron Tal (ISR)"]
[Black "Pantsulaia Levan (GEO)"]
[Result "0-1"]
[LiveChessVersion "1.4.8"]
[BlackElo "2584"]
[WhiteElo "2421"]

1. Nf3 {[%clk 0:03:03]} c5 {[%clk 0:03:02]} 2. e4 {[%clk 0:03:05]} e6
{[%clk 0:03:02]} 3. d4 {[%clk 0:03:06]} cxd4 {[%clk 0:03:03]} 4. Nxd4
{[%clk 0:03:08]} a6 {[%clk 0:03:04]} 5. c4 {[%clk 0:03:09]} Nf6 {[%clk 0:03:04]}
6. Nc3 {[%clk 0:03:10]} Qc7 {[%clk 0:03:04]} 7. Be2 {[%clk 0:03:12]} Bb4
{[%clk 0:03:02]} 8. O-O {[%clk 0:03:13]} O-O {[%clk 0:03:02]} 9. Bg5
{[%clk 0:03:14]} Nc6 {[%clk 0:02:58]} 10. Bxf6 {[%clk 0:03:15]} gxf6
{[%clk 0:02:58]} 11. Nc2 {[%clk 0:03:16]} Be7 {[%clk 0:02:51]} 12. Qd3
{[%clk 0:03:11]} Kh8 {[%clk 0:02:50]} 13. f4 {[%clk 0:02:56]} d6 {[%clk 0:02:49]}
14. Bh5 {[%clk 0:02:51]} Bd7 {[%clk 0:02:49]} 15. Rf3 {[%clk 0:02:47]} Be8
{[%clk 0:02:49]} 16. Rg3 {[%clk 0:02:34]} b5 {[%clk 0:02:44]} 17. Ne3
{[%clk 0:02:22]} bxc4 {[%clk 0:02:44]} 18. Nxc4 {[%clk 0:02:23]} Nb4
{[%clk 0:02:38]} 19. Qe2 {[%clk 0:02:24]} Rg8 {[%clk 0:02:30]} 20. Rxg8+
{[%clk 0:02:23]} Kxg8 {[%clk 0:02:30]} 21. a3 {[%clk 0:02:13]} Nc2
{[%clk 0:02:08]} 22. Rd1 {[%clk 0:02:02]} Rc8 {[%clk 0:02:09]} 23. Nxd6
{[%clk 0:01:52]} Bxd6 {[%clk 0:02:06]} 24. e5 {[%clk 0:01:47]} Bc5+
{[%clk 0:01:58]} 25. Kh1 {[%clk 0:01:48]} Ne3 {[%clk 0:01:59]} 26. exf6
{[%clk 0:01:43]} Qxf4 {[%clk 0:01:58]} 27. Rc1 {[%clk 0:01:37]} Bd4
{[%clk 0:01:43]} 28. Bf3 {[%clk 0:01:31]} Bxc3 {[%clk 0:01:40]} 29. bxc3
{[%clk 0:01:31]} Ng4 {[%clk 0:01:37]} 0-1

[Event "Blitz 2018"]
[Site "Saint-Petersburg"]
[Date "2018.12.30"]
[Round "20"]
[Board "74"]
[White "Tissir Mohamed (MAR)"]
[Black "Demchenko Anton (RUS)"]
[Result "1/2-1/2"]
[LiveChessVersion "1.4.8"]
[BlackElo "2572"]
[WhiteElo "2381"]

1. e4 {[%clk 0:03:02]} c5 {[%clk 0:03:04]} 2. Nc3 {[%clk 0:03:03]} d6
{[%clk 0:03:05]} 3. Nf3 {[%clk 0:03:04]} Nc6 {[%clk 0:03:06]} 4. d4
{[%clk 0:03:03]} cxd4 {[%clk 0:03:07]} 5. Nxd4 {[%clk 0:03:04]} Nf6
{[%clk 0:03:08]} 6. Nb3 {[%clk 0:02:58]} e6 {[%clk 0:03:03]} 7. Bd3
{[%clk 0:02:54]} Be7 {[%clk 0:03:01]} 8. O-O {[%clk 0:02:51]} O-O
{[%clk 0:03:02]} 9. f4 {[%clk 0:02:53]} a6 {[%clk 0:02:59]} 10. Qf3
{[%clk 0:02:53]} Nb4 {[%clk 0:02:49]} 11. Bd2 {[%clk 0:02:54]} Nxd3
{[%clk 0:02:43]} 12. cxd3 {[%clk 0:02:55]} Nd7 {[%clk 0:02:44]} 13. Kh1
{[%clk 0:02:53]} b5 {[%clk 0:02:43]} 14. d4 {[%clk 0:02:32]} Bb7 {[%clk 0:02:34]}
15. f5 {[%clk 0:02:33]} Nf6 {[%clk 0:02:25]} 16. a3 {[%clk 0:02:28]} Rc8
{[%clk 0:02:20]} 17. Rae1 {[%clk 0:02:28]} Qd7 {[%clk 0:01:59]} 18. fxe6
{[%clk 0:02:02]} fxe6 {[%clk 0:02:00]} 19. Qh3 {[%clk 0:02:03]} Nxe4
{[%clk 0:01:48]} 20. d5 {[%clk 0:01:48]} Rxf1+ {[%clk 0:01:11]} 21. Rxf1
{[%clk 0:01:49]} Nxc3 {[%clk 0:01:03]} 22. Bxc3 {[%clk 0:01:47]} Bxd5
{[%clk 0:00:50]} 23. Nd4 {[%clk 0:01:33]} Rf8 {[%clk 0:00:41]} 24. Rxf8+
{[%clk 0:00:59]} Bxf8 {[%clk 0:00:41]} 25. Kg1 {[%clk 0:01:00]} Qf7
{[%clk 0:00:42]} 26. Ne2 {[%clk 0:00:44]} Bc4 {[%clk 0:00:42]} 27. Qe3
{[%clk 0:00:37]} e5 {[%clk 0:00:36]} 28. Ng3 {[%clk 0:00:37]} h6 {[%clk 0:00:31]}
29. h3 {[%clk 0:00:39]} Be7 {[%clk 0:00:30]} 30. Qe4 {[%clk 0:00:31]} Bd5
{[%clk 0:00:15]} 31. Qg4 {[%clk 0:00:28]} Be6 {[%clk 0:00:13]} 32. Qe4
{[%clk 0:00:29]} Qf4 {[%clk 0:00:09]} 33. Qa8+ {[%clk 0:00:15]} Kh7
{[%clk 0:00:11]} 34. Ne4 {[%clk 0:00:13]} d5 {[%clk 0:00:09]} 35. Nf2
{[%clk 0:00:10]} d4 {[%clk 0:00:10]} 36. Be1 {[%clk 0:00:10]} Qe3
{[%clk 0:00:06]} 37. Qe4+ {[%clk 0:00:05]} Qxe4 {[%clk 0:00:07]} 38. Nxe4
{[%clk 0:00:07]} Bd5 {[%clk 0:00:08]} 39. Nd2 {[%clk 0:00:06]} Bg5
{[%clk 0:00:09]} 40. Nf3 {[%clk 0:00:06]} Bxf3 {[%clk 0:00:09]} 41. gxf3
{[%clk 0:00:07]} Kg6 {[%clk 0:00:10]} 42. b3 {[%clk 0:00:09]} Kf5
{[%clk 0:00:11]} 43. Kg2 {[%clk 0:00:09]} Be3 {[%clk 0:00:12]} 44. Bg3
{[%clk 0:00:09]} d3 {[%clk 0:00:12]} 45. Kf1 {[%clk 0:00:10]} e4 {[%clk 0:00:13]}
46. fxe4+ {[%clk 0:00:09]} Kxe4 {[%clk 0:00:14]} 47. Bd6 {[%clk 0:00:11]} g6
{[%clk 0:00:13]} 1/2-1/2

[Event "Blitz 2018"]
[Site "Saint-Petersburg"]
[Date "2018.12.30"]
[Round "20"]
[Board "75"]
[White "Zakhartsov Vladimir (RUS)"]
[Black "Fakhrutdinov Timur (RUS)"]
[Result "1-0"]
[LiveChessVersion "1.4.8"]
[BlackElo "2357"]
[WhiteElo "2567"]

1. e4 {[%clk 0:03:03]} e5 {[%clk 0:03:04]} 2. Nf3 {[%clk 0:03:04]} Nc6
{[%clk 0:03:05]} 3. Bb5 {[%clk 0:03:05]} Nf6 {[%clk 0:03:06]} 4. d3
{[%clk 0:02:38]} Bc5 {[%clk 0:03:06]} 5. O-O {[%clk 0:02:34]} Nd4
{[%clk 0:03:05]} 6. Nxd4 {[%clk 0:02:31]} Bxd4 {[%clk 0:03:06]} 7. c3
{[%clk 0:02:31]} Bb6 {[%clk 0:03:05]} 8. Ba4 {[%clk 0:02:33]} O-O
{[%clk 0:03:04]} 9. Bc2 {[%clk 0:02:34]} d5 {[%clk 0:02:57]} 10. Bg5
{[%clk 0:02:31]} dxe4 {[%clk 0:02:16]} 11. dxe4 {[%clk 0:02:31]} Qxd1
{[%clk 0:02:17]} 12. Rxd1 {[%clk 0:02:32]} Bg4 {[%clk 0:02:08]} 13. Rd2
{[%clk 0:02:34]} Nd7 {[%clk 0:01:48]} 14. Na3 {[%clk 0:02:27]} f6
{[%clk 0:01:37]} 15. Bh4 {[%clk 0:02:25]} Rfd8 {[%clk 0:01:24]} 16. Kf1
{[%clk 0:02:19]} Nc5 {[%clk 0:01:12]} 17. Rxd8+ {[%clk 0:02:14]} Rxd8
{[%clk 0:01:12]} 18. b4 {[%clk 0:02:15]} Ne6 {[%clk 0:01:07]} 19. Bb3
{[%clk 0:02:05]} Kf7 {[%clk 0:00:56]} 20. Nc4 {[%clk 0:02:02]} Ke7
{[%clk 0:00:44]} 21. Nxe5 {[%clk 0:01:59]} g5 {[%clk 0:00:44]} 22. Nxg4
{[%clk 0:01:38]} gxh4 {[%clk 0:00:44]} 23. Rd1 {[%clk 0:01:31]} Rxd1+ 24. Bxd1
{[%clk 0:01:32]} Nf4 {[%clk 0:00:25]} 25. Bc2 {[%clk 0:01:25]} a5
{[%clk 0:00:20]} 26. a3 {[%clk 0:01:25]} axb4 {[%clk 0:00:21]} 27. axb4
{[%clk 0:01:27]} c5 {[%clk 0:00:21]} 28. bxc5 {[%clk 0:01:18]} Bxc5
{[%clk 0:00:22]} 29. Nh6 {[%clk 0:01:19]} Ng6 {[%clk 0:00:13]} 30. Bb3
{[%clk 0:01:13]} Kd6 {[%clk 0:00:09]} 31. Nf5+ {[%clk 0:00:59]} Ke5
{[%clk 0:00:09]} 32. Bd5 {[%clk 0:00:59]} b5 {[%clk 0:00:08]} 33. g3
{[%clk 0:01:00]} hxg3 {[%clk 0:00:05]} 34. hxg3 b4 35. cxb4 Bxb4 36. Ke2
{[%clk 0:00:38]} Bc5 {[%clk 0:00:07]} 37. f3 {[%clk 0:00:32]} Bb6
{[%clk 0:00:04]} 38. Kf1 {[%clk 0:00:28]} Bc5 {[%clk 0:00:04]} 39. Kg2
{[%clk 0:00:29]} Bb4 {[%clk 0:00:04]} 40. Kf2 {[%clk 0:00:20]} Bd2
{[%clk 0:00:03]} 41. Ke2 {[%clk 0:00:21]} Bg5 {[%clk 0:00:03]} 42. Kd3
{[%clk 0:00:20]} Nf8 {[%clk 0:00:03]} 43. Bg8 {[%clk 0:00:12]} h5
{[%clk 0:00:03]} 44. Bf7 {[%clk 0:00:11]} h4 {[%clk 0:00:04]} 45. f4+
{[%clk 0:00:08]} Bxf4 {[%clk 0:00:04]} 46. gxf4+ {[%clk 0:00:09]} Kxf4
{[%clk 0:00:05]} 47. Nxh4 {[%clk 0:00:10]} Nd7 {[%clk 0:00:06]} 48. Ng6+
{[%clk 0:00:07]} Kg5 {[%clk 0:00:06]} 49. Kd4 {[%clk 0:00:06]} Nb8
{[%clk 0:00:05]} 50. Be8 {[%clk 0:00:06]} Na6 {[%clk 0:00:05]} 51. Ne7
{[%clk 0:00:07]} Nc7 {[%clk 0:00:06]} 52. Bf7 {[%clk 0:00:07]} Na6
{[%clk 0:00:05]} 53. Nc6 {[%clk 0:00:07]} Nc7 {[%clk 0:00:06]} 54. Nb4
{[%clk 0:00:07]} Nb5+ {[%clk 0:00:06]} 55. Ke3 {[%clk 0:00:06]} Nd6
{[%clk 0:00:07]} 56. Bd5 {[%clk 0:00:06]} Ne8 {[%clk 0:00:05]} 57. Nd3
{[%clk 0:00:07]} Nc7 {[%clk 0:00:05]} 58. Kd4 {[%clk 0:00:07]} Nb5+
{[%clk 0:00:05]} 59. Ke3 {[%clk 0:00:08]} Nc7 {[%clk 0:00:05]} 60. Bc4
{[%clk 0:00:09]} Ne8 {[%clk 0:00:06]} 61. Kd4 {[%clk 0:00:09]} Nd6
{[%clk 0:00:06]} 62. Kd5 {[%clk 0:00:09]} Nc8 {[%clk 0:00:05]} 63. Ke6
{[%clk 0:00:08]} Nb6 {[%clk 0:00:04]} 64. Bb3 {[%clk 0:00:09]} Nc8
{[%clk 0:00:05]} 65. Kd7 {[%clk 0:00:08]} Na7 {[%clk 0:00:05]} 66. Bc4
{[%clk 0:00:08]} Kg4 {[%clk 0:00:05]} 67. Kc7 {[%clk 0:00:05]} Kf3
{[%clk 0:00:05]} 68. Nc5 {[%clk 0:00:06]} Ke3 {[%clk 0:00:05]} 69. Kb7
{[%clk 0:00:05]} Kd4 {[%clk 0:00:06]} 70. Bd3 {[%clk 0:00:04]} Nb5
{[%clk 0:00:04]} 71. Bxb5 {[%clk 0:00:05]} Kxc5 72. Bd3 Kd4 {[%clk 0:00:06]} 73.
Bb1 {[%clk 0:00:08]} 1-0

[Event "Blitz 2018"]
[Site "Saint-Petersburg"]
[Date "2018.12.30"]
[Round "20"]
[Board "76"]
[White "Iljiushenok Ilia (RUS)"]
[Black "Demidov Mikhail (RUS)"]
[Result "0-1"]
[LiveChessVersion "1.4.8"]
[BlackElo "2546"]
[WhiteElo "2467"]

1. c4 {[%clk 0:03:03]} e5 {[%clk 0:03:03]} 2. g3 {[%clk 0:03:03]} Nc6
{[%clk 0:03:04]} 3. Bg2 {[%clk 0:03:04]} Bc5 {[%clk 0:03:05]} 4. Nc3
{[%clk 0:03:04]} a6 {[%clk 0:03:05]} 5. e3 {[%clk 0:03:04]} Ba7 {[%clk 0:03:06]}
6. Nge2 {[%clk 0:03:04]} d6 {[%clk 0:03:06]} 7. d4 {[%clk 0:03:02]} Nf6
{[%clk 0:03:05]} 8. O-O {[%clk 0:03:01]} O-O {[%clk 0:03:05]} 9. h3
{[%clk 0:03:02]} exd4 {[%clk 0:03:03]} 10. exd4 {[%clk 0:03:02]} Re8
{[%clk 0:03:04]} 11. Be3 {[%clk 0:02:58]} h6 {[%clk 0:03:04]} 12. Qc2
{[%clk 0:02:50]} Bd7 {[%clk 0:02:58]} 13. Rad1 {[%clk 0:02:50]} Qc8
{[%clk 0:02:57]} 14. Kh2 {[%clk 0:02:51]} Bf5 {[%clk 0:02:56]} 15. Qd2
{[%clk 0:02:52]} Qd7 {[%clk 0:02:50]} 16. Nf4 {[%clk 0:02:45]} Ne4
{[%clk 0:02:45]} 17. Nxe4 {[%clk 0:02:43]} Bxe4 {[%clk 0:02:44]} 18. Nd5
{[%clk 0:02:34]} Bxg2 {[%clk 0:02:40]} 19. Kxg2 {[%clk 0:02:35]} Ne7
{[%clk 0:02:31]} 20. Nxe7+ {[%clk 0:02:30]} Rxe7 {[%clk 0:02:31]} 21. Bf4
{[%clk 0:02:24]} Qc6+ {[%clk 0:02:29]} 22. Kg1 {[%clk 0:01:55]} Qxc4
{[%clk 0:02:30]} 23. Be3 {[%clk 0:01:56]} Qxa2 {[%clk 0:02:29]} 24. Qb4
{[%clk 0:01:56]} Qd5 {[%clk 0:02:28]} 25. Rc1 {[%clk 0:01:55]} Rae8
{[%clk 0:02:24]} 26. Qa4 {[%clk 0:01:54]} Bb6 {[%clk 0:02:16]} 27. Rc2
{[%clk 0:01:54]} Qf5 {[%clk 0:02:09]} 28. Qb3 {[%clk 0:01:52]} Qxh3
{[%clk 0:02:04]} 29. Qd5 {[%clk 0:01:52]} Rb8 {[%clk 0:01:51]} 30. Qf3
{[%clk 0:01:46]} Qd7 {[%clk 0:01:49]} 31. Kg2 {[%clk 0:01:45]} c6
{[%clk 0:01:41]} 32. Rh1 {[%clk 0:01:45]} d5 {[%clk 0:01:19]} 33. Bxh6
{[%clk 0:01:39]} gxh6 {[%clk 0:01:12]} 34. Rxh6 {[%clk 0:01:39]} Bxd4
{[%clk 0:01:11]} 35. Rc1 {[%clk 0:01:36]} Bg7 {[%clk 0:01:02]} 36. Rch1
{[%clk 0:01:26]} d4 {[%clk 0:00:53]} 37. Kf1 {[%clk 0:01:02]} Rbe8
{[%clk 0:00:48]} 38. R1h5 {[%clk 0:00:59]} Re6 {[%clk 0:00:33]} 0-1

[Event "Blitz 2018"]
[Site "Saint-Petersburg"]
[Date "2018.12.30"]
[Round "20"]
[Board "77"]
[White "Kryakvin Dmitry (RUS)"]
[Black "Kabanov Nikolai (RUS)"]
[Result "1-0"]
[LiveChessVersion "1.4.8"]
[BlackElo "2311"]
[WhiteElo "2536"]

1. d4 {[%clk 0:03:03]} Nf6 {[%clk 0:03:02]} 2. Bg5 {[%clk 0:03:04]} Ne4
{[%clk 0:03:02]} 3. Bf4 {[%clk 0:03:05]} c6 {[%clk 0:03:01]} 4. Nd2
{[%clk 0:03:04]} Nxd2 {[%clk 0:03:02]} 5. Qxd2 {[%clk 0:03:04]} d6
{[%clk 0:02:50]} 6. e3 {[%clk 0:03:02]} Nd7 {[%clk 0:02:50]} 7. Nf3
{[%clk 0:03:03]} g6 {[%clk 0:02:50]} 8. h3 {[%clk 0:02:50]} Bg7 {[%clk 0:02:50]}
9. Bh2 {[%clk 0:02:50]} O-O {[%clk 0:02:49]} 10. Be2 {[%clk 0:02:52]} e5
{[%clk 0:02:42]} 11. O-O {[%clk 0:02:52]} e4 {[%clk 0:02:37]} 12. Ne1
{[%clk 0:02:52]} Qe7 {[%clk 0:02:33]} 13. c4 {[%clk 0:02:51]} Re8
{[%clk 0:02:31]} 14. Nc2 {[%clk 0:02:52]} h5 {[%clk 0:02:00]} 15. b4
{[%clk 0:02:47]} c5 {[%clk 0:01:56]} 16. Rad1 {[%clk 0:02:33]} cxd4
{[%clk 0:01:40]} 17. Nxd4 {[%clk 0:02:33]} a6 {[%clk 0:01:33]} 18. Nb3
{[%clk 0:02:30]} Be5 {[%clk 0:01:33]} 19. Bxe5 {[%clk 0:02:29]} Nxe5
{[%clk 0:01:33]} 20. Qxd6 {[%clk 0:02:18]} Qg5 {[%clk 0:01:33]} 21. Kh2
{[%clk 0:02:18]} Be6 {[%clk 0:01:28]} 22. Nc5 {[%clk 0:02:06]} Qh4
{[%clk 0:01:04]} 23. Nxe6 {[%clk 0:01:58]} Rxe6 {[%clk 0:01:04]} 24. Qd5
{[%clk 0:01:56]} Rae8 {[%clk 0:00:53]} 25. Qxb7 {[%clk 0:01:51]} Rf6
{[%clk 0:00:51]} 26. Kg1 {[%clk 0:01:45]} Rf5 {[%clk 0:00:47]} 27. Rd4
{[%clk 0:01:16]} Rg5 {[%clk 0:00:27]} 28. Qxe4 {[%clk 0:00:50]} Qxh3
{[%clk 0:00:26]} 29. g3 {[%clk 0:00:52]} Re6 {[%clk 0:00:18]} 30. Qg2
{[%clk 0:00:49]} Qf5 {[%clk 0:00:18]} 31. f4 {[%clk 0:00:49]} Nc6
{[%clk 0:00:12]} 32. fxg5 {[%clk 0:00:48]} Qxg5 {[%clk 0:00:13]} 33. Rdf4
{[%clk 0:00:42]} Rxe3 {[%clk 0:00:14]} 34. R1f3 {[%clk 0:00:38]} Re7
{[%clk 0:00:13]} 35. Bf1 {[%clk 0:00:31]} Ne5 {[%clk 0:00:14]} 36. Rf2
{[%clk 0:00:25]} Ng4 {[%clk 0:00:15]} 37. Rxg4 {[%clk 0:00:27]} hxg4
{[%clk 0:00:16]} 38. c5 {[%clk 0:00:20]} Re3 {[%clk 0:00:16]} 39. Re2
{[%clk 0:00:18]} Rc3 {[%clk 0:00:16]} 40. Qf2 {[%clk 0:00:18]} Qd8
{[%clk 0:00:11]} 41. Re3 {[%clk 0:00:16]} Rc1 {[%clk 0:00:11]} 42. Re1
{[%clk 0:00:16]} Rc3 {[%clk 0:00:12]} 43. Bg2 {[%clk 0:00:14]} Qc7
{[%clk 0:00:12]} 44. Qf4 {[%clk 0:00:13]} Qd8 {[%clk 0:00:12]} 45. Rf1
{[%clk 0:00:14]} Qe7 {[%clk 0:00:12]} 46. c6 {[%clk 0:00:15]} Rc2
{[%clk 0:00:13]} 47. Rf2 {[%clk 0:00:10]} Rc3 {[%clk 0:00:13]} 48. a4
{[%clk 0:00:09]} Qe6 {[%clk 0:00:12]} 49. b5 {[%clk 0:00:09]} axb5
{[%clk 0:00:13]} 50. axb5 {[%clk 0:00:11]} Qe7 {[%clk 0:00:13]} 51. b6
{[%clk 0:00:11]} Qc5 {[%clk 0:00:11]} 52. Qxf7+ {[%clk 0:00:11]} Kh8
{[%clk 0:00:13]} 53. Qf8+ {[%clk 0:00:11]} 1-0

[Event "Blitz 2018"]
[Site "Saint-Petersburg"]
[Date "2018.12.30"]
[Round "20"]
[Board "78"]
[White "Anisimov Pavel (RUS)"]
[Black "Mamatov Melis (KGZ)"]
[Result "1-0"]
[LiveChessVersion "1.4.8"]
[BlackElo "2213"]
[WhiteElo "2519"]

1. e4 {[%clk 0:03:03]} c5 {[%clk 0:03:03]} 2. Ne2 {[%clk 0:03:03]} d6
{[%clk 0:03:02]} 3. g3 {[%clk 0:03:04]} Nf6 {[%clk 0:02:57]} 4. Bg2
{[%clk 0:03:06]} Nc6 {[%clk 0:02:53]} 5. c3 {[%clk 0:03:06]} e6 {[%clk 0:02:41]}
6. d4 {[%clk 0:03:05]} cxd4 {[%clk 0:02:41]} 7. cxd4 {[%clk 0:03:06]} d5
{[%clk 0:02:42]} 8. e5 {[%clk 0:03:00]} Ng8 {[%clk 0:02:28]} 9. O-O
{[%clk 0:02:55]} Bd7 {[%clk 0:02:25]} 10. Nbc3 {[%clk 0:02:49]} a6
{[%clk 0:02:23]} 11. Be3 {[%clk 0:02:31]} Nge7 {[%clk 0:02:23]} 12. g4
{[%clk 0:02:32]} h5 {[%clk 0:02:22]} 13. f3 {[%clk 0:02:22]} Ng6 {[%clk 0:02:16]}
14. h3 {[%clk 0:02:12]} Be7 {[%clk 0:01:58]} 15. Qd2 {[%clk 0:02:11]} hxg4
{[%clk 0:01:56]} 16. fxg4 {[%clk 0:02:08]} Nh4 {[%clk 0:01:56]} 17. Bh1
{[%clk 0:02:02]} f6 {[%clk 0:01:46]} 18. exf6 {[%clk 0:01:58]} Bxf6
{[%clk 0:01:40]} 19. Rae1 {[%clk 0:01:59]} Qa5 {[%clk 0:01:20]} 20. a3
{[%clk 0:01:55]} O-O-O {[%clk 0:01:09]} 21. b4 {[%clk 0:01:50]} Qb6
{[%clk 0:01:10]} 22. b5 {[%clk 0:01:41]} Na5 {[%clk 0:01:07]} 23. bxa6
{[%clk 0:01:36]} Qxa6 {[%clk 0:00:54]} 24. Bf4 {[%clk 0:01:30]} Nc4
{[%clk 0:00:55]} 25. Qd3 {[%clk 0:01:31]} Rde8 {[%clk 0:00:39]} 26. Rc1
{[%clk 0:01:29]} Bc6 {[%clk 0:00:32]} 27. a4 {[%clk 0:01:25]} e5 {[%clk 0:00:30]}
28. dxe5 {[%clk 0:01:19]} Bxe5 {[%clk 0:00:31]} 29. Nxd5 {[%clk 0:01:13]} Qa7+
{[%clk 0:00:14]} 30. Rf2 {[%clk 0:01:14]} Bxf4 {[%clk 0:00:13]} 31. Nexf4
{[%clk 0:01:15]} Rhf8 {[%clk 0:00:05]} 32. Qxc4 {[%clk 0:01:12]} g5
{[%clk 0:00:00]} 1-0

[Event "Blitz 2018"]
[Site "Saint-Petersburg"]
[Date "2018.12.30"]
[Round "20"]
[Board "79"]
[White "Danielyan Vahe (ARM)"]
[Black "Belozerov Andrei (RUS)"]
[Result "0-1"]
[LiveChessVersion "1.4.8"]
[BlackElo "2518"]
[WhiteElo "2417"]

1. Nf3 {[%clk 0:03:03]} d5 {[%clk 0:03:04]} 2. g3 {[%clk 0:03:04]} Bg4
{[%clk 0:03:04]} 3. Bg2 {[%clk 0:03:05]} Nd7 {[%clk 0:03:06]} 4. d4
{[%clk 0:03:05]} Ngf6 {[%clk 0:03:05]} 5. O-O {[%clk 0:03:06]} e6
{[%clk 0:03:07]} 6. Ne5 {[%clk 0:03:07]} Bf5 {[%clk 0:03:06]} 7. c4
{[%clk 0:03:07]} c6 {[%clk 0:03:07]} 8. Nc3 {[%clk 0:03:08]} Be7 {[%clk 0:03:06]}
9. h3 {[%clk 0:03:09]} h6 {[%clk 0:03:04]} 10. f4 {[%clk 0:03:06]} O-O
{[%clk 0:03:01]} 11. Kh2 {[%clk 0:03:07]} Bb4 {[%clk 0:02:53]} 12. Bd2
{[%clk 0:03:06]} Bxc3 {[%clk 0:02:51]} 13. Bxc3 {[%clk 0:03:07]} Ne4
{[%clk 0:02:46]} 14. Bb4 {[%clk 0:03:05]} Re8 {[%clk 0:02:47]} 15. g4
{[%clk 0:03:06]} Bh7 {[%clk 0:02:45]} 16. Qe1 {[%clk 0:03:04]} f6
{[%clk 0:02:39]} 17. Nf3 {[%clk 0:02:53]} dxc4 {[%clk 0:02:32]} 18. Nd2
{[%clk 0:02:44]} Nxd2 {[%clk 0:02:19]} 19. Qxd2 {[%clk 0:02:45]} Nb6
{[%clk 0:02:14]} 20. e4 {[%clk 0:02:38]} Qd7 {[%clk 0:01:30]} 21. Rad1
{[%clk 0:02:36]} Kh8 {[%clk 0:01:28]} 22. Qf2 {[%clk 0:02:35]} Rad8
{[%clk 0:01:24]} 23. Bc3 {[%clk 0:02:31]} f5 {[%clk 0:01:20]} 24. gxf5
{[%clk 0:02:22]} exf5 {[%clk 0:01:20]} 25. e5 {[%clk 0:01:36]} Bg8
{[%clk 0:01:21]} 26. Bf3 {[%clk 0:01:15]} Bd5 {[%clk 0:01:22]} 27. Be2
{[%clk 0:01:16]} Qf7 {[%clk 0:01:19]} 28. Rg1 {[%clk 0:01:16]} Nd7
{[%clk 0:01:12]} 29. Rg3 {[%clk 0:01:16]} Nf8 {[%clk 0:01:11]} 30. Rdg1
{[%clk 0:01:17]} Rd7 {[%clk 0:01:07]} 31. Bb4 {[%clk 0:01:08]} Kh7
{[%clk 0:01:02]} 32. a4 {[%clk 0:00:59]} Ne6 {[%clk 0:01:00]} 33. Bd2
{[%clk 0:00:46]} Rg8 {[%clk 0:01:01]} 34. Rg6 {[%clk 0:00:36]} Qxg6
{[%clk 0:00:55]} 35. Rxg6 {[%clk 0:00:37]} Kxg6 {[%clk 0:00:56]} 36. Be3
{[%clk 0:00:27]} Kh7 {[%clk 0:00:57]} 37. h4 {[%clk 0:00:20]} b6 {[%clk 0:00:56]}
38. Qe1 {[%clk 0:00:17]} a6 {[%clk 0:00:50]} 39. Qb1 {[%clk 0:00:15]} Be4
{[%clk 0:00:47]} 40. Qg1 {[%clk 0:00:12]} b5 {[%clk 0:00:43]} 41. axb5
{[%clk 0:00:12]} axb5 {[%clk 0:00:44]} 42. h5 {[%clk 0:00:10]} g5
{[%clk 0:00:41]} 43. fxg5 {[%clk 0:00:07]} hxg5 {[%clk 0:00:41]} 44. Qa1
{[%clk 0:00:07]} f4 {[%clk 0:00:41]} 45. Bd2 {[%clk 0:00:07]} g4 {[%clk 0:00:40]}
46. Qa3 {[%clk 0:00:06]} f3 {[%clk 0:00:37]} 47. Bf1 {[%clk 0:00:05]} g3+
{[%clk 0:00:38]} 48. Kh3 {[%clk 0:00:05]} g2 {[%clk 0:00:36]} 49. Bxg2
{[%clk 0:00:05]} fxg2 {[%clk 0:00:36]} 50. Be3 {[%clk 0:00:07]} Rf7
{[%clk 0:00:36]} 51. Bg1 {[%clk 0:00:06]} Rf3+ {[%clk 0:00:36]} 52. Kh2
{[%clk 0:00:07]} Rxa3 {[%clk 0:00:37]} 0-1